01001nam a2200241 a 450000100100000000500170001000800410002704000250006808200200009310000260011324500360013926000450017530000270022050000630024758600650031059000260037565000280040165000310042991000420046095201180050295201240062099900150074400001013320240412074215.0091005s1986 dr a r 000 p spa d aDO-SdBNPbspacBNPHU aRD861.44bC794L1 aCordero, Tulio91603910aLatido cierto /cTulio Cordero. aSanto Domingo :bAmigo del Hogar,c1986. a58 p. :bil. ;c20 cm. aIncluye datos biográficos del autor en la contracubierta aLa biblioteca posee 2 ejemplares autografiados por el autor. aInventariado, 2018/BT 0aPoesía dominicana966 0aLiteratura dominicana.967 aValidado. Control de calidad. MMOLINA 0010718PDaPDbPDcHDd2009-10-05iLF1l0oRD861.44 C794lp10133-10r2020-06-25w2020-06-25yLFPDZNo se presta 0010718PDaPDbPDcHDd2009-10-05iLF1l0oRD861.44 C794lp10133-20r2020-06-25te. 2w2020-06-25yLFPDZNo se presta c9892d9892